000 004950000a22001690004500
001 2798
090 _a2798
100 _a19931124d19651948m||y0pory5003 ba
102 _aUS
200 _aA collection of articles on dynamic Meteorology
_fedited by I. Kibel
210 _aNew York
_cAmerican Geophysical Union
_d1965
300 _av.1 Tradução inglesa de Soviet Research in Geophysics
317 _aOrigem: IM
606 _aMETEOROLOGIA GERAL
_zIM
675 _a551.5
_vmed
_zfre
700 1 _aKibel
_bI.
700 _4340